000 00648nam a2200253Ia 4500
005 20260121154810.0
008 008 260114s9999 xx 000 0 eng d
020 _a9780429055898
037 _aEBOOK
040 _aCRL
040 _beng
040 _cCRL
041 _2eng
041 _aeng
084 _qCRL
100 _a Kathy Knox; Krzysztof Kubacki; Sharyn Rundle-Thiele
_91011626
245 0 _aStakeholder Involvement in Social Marketing
260 _bTaylor and Francis
260 _c2021
856 _uhttp://www.taylorfrancis.com/books/9780429055898
942 _cEBOOK
999 _c1578447
_d1578447